00309nam a2200121Ia 4500008004100000041000800041082001700049100001700066245003000083260003300113300003000146365001100176240624s9999 xx 000 0 und d aeng a658.4022 RED aREDDY SUMATI aEFFECTIVE TEAM MANAGEMENT c2004aHyderabadbICFAI press aix, : 179 : p. : cm. ; 23 cRSb50